Normal view
MARC view
- Tiwari, A K.
Entry Personal Name
001 - CONTROL NUMBER
- control field: 3129
003 - CONTROL NUMBER IDENTIFIER
- control field: OSt
005 - DATE AND TIME OF LATEST TRANSACTION
- control field: 20180604110206.0
008 - FIXED-LENGTH DATA ELEMENTS
- fixed length control field: 180604|| aca||aabn | a|a d
040 ## - CATALOGING SOURCE
- Original cataloging agency: OSt
- Transcribing agency: OSt
100 ## - HEADING--PERSONAL NAME
- Personal name: Tiwari, A K.
670 ## - SOURCE DATA FOUND
- Source citation: Work cat.: (OSt): Tiwari, A K., Fundamentals of ornamental horticulture and landscape gardening /, 2012 .
